000
00329pab a2200145 454500
008
180718b1989 xxu||||| |||| 00| 0 eng d
100
_a
P.I.B.
245
_a
Women's participation in Panchayati Raj
260
_c
1989
300
_a
10-11
362
_a
28 May
650
_a
Women
773
_a
Democratic World
909
_a
20770
999
_c
20770
_d
20770